000 00454nam a2200181Ia 4500
005 20250326142316.0
008 250326s9999 xx 000 0 und d
037 _aTextbook
040 _aFMSL
_beng
_cFMSL
041 _aeng
_2eng
084 _qFMSL
100 _aReay D G
245 0 _aUnderstanding how people learn
_cReay D G
260 _aLondon
_bLondon, Kogan Page Ltd
_c1994
300 _a93p
942 _cTB
999 _c1294413
_d1294413